<?xml version="1.0" encoding="UTF-8"?>
<record
    xmlns:xsi="http://www.w3.org/2001/XMLSchema-instance"
    xsi:schemaLocation="http://www.loc.gov/MARC21/slim http://www.loc.gov/standards/marcxml/schema/MARC21slim.xsd"
    xmlns="http://www.loc.gov/MARC21/slim">

  <leader>01749nam a22002057a 4500</leader>
  <controlfield tag="008">250217b        |||||||| |||| 00| 0 eng d</controlfield>
  <datafield tag="020" ind1=" " ind2=" ">
    <subfield code="a">9788417633943</subfield>
  </datafield>
  <datafield tag="040" ind1=" " ind2=" ">
    <subfield code="c">tbs</subfield>
  </datafield>
  <datafield tag="041" ind1=" " ind2=" ">
    <subfield code="a">spa</subfield>
  </datafield>
  <datafield tag="050" ind1=" " ind2=" ">
    <subfield code="a">HF5548.85</subfield>
    <subfield code="b">V648 2019</subfield>
  </datafield>
  <datafield tag="100" ind1=" " ind2=" ">
    <subfield code="a">Vidal Lacosta, V&#xED;ctor</subfield>
    <subfield code="9">24764</subfield>
    <subfield code="e">author</subfield>
  </datafield>
  <datafield tag="245" ind1=" " ind2=" ">
    <subfield code="a">El estr&#xE9;s laboral</subfield>
    <subfield code="b">: an&#xE1;lisis y prevenci&#xF3;n </subfield>
    <subfield code="c">/ V&#xED;ctor Vidal Lacosta.</subfield>
  </datafield>
  <datafield tag="250" ind1=" " ind2=" ">
    <subfield code="a">First edition.</subfield>
  </datafield>
  <datafield tag="260" ind1=" " ind2=" ">
    <subfield code="a">Zaragoza, Spain :</subfield>
    <subfield code="b">Prensas de la Universidad de Zaragoza,</subfield>
    <subfield code="c">2019.</subfield>
  </datafield>
  <datafield tag="300" ind1=" " ind2=" ">
    <subfield code="a">174 pages :</subfield>
    <subfield code="b">illustrations, charts (some color) ;</subfield>
    <subfield code="c">22 cm.</subfield>
  </datafield>
  <datafield tag="520" ind1=" " ind2=" ">
    <subfield code="a">El libro aborda un tema actual en el que se describe de una manera minuciosa el estr&#xE9;s, repasando su historia evolutiva, sus aspectos fisiol&#xF3;gicos y su repercusi&#xF3;n sobre el individuo. Se enumeran las distintas fuentes que originan el estr&#xE9;s laboral y las repercusiones que sobre la salud del trabajador tienen, as&#xED; como las medidas de la empresa y del trabajador que se deben aplicar para impedirlo (la mejor arma, la prevenci&#xF3;n).</subfield>
  </datafield>
  <datafield tag="520" ind1=" " ind2=" ">
    <subfield code="a">This book delves into a highly relevant and timely topic: stress. Through a detailed analysis, it explores the evolutionary history of stress, its physiological aspects, and its impact on individuals.

It identifies the various sources of work-related stress, examining their effects on employees' health and well-being. Additionally, it outlines preventive measures that both companies and workers can implement to mitigate stress, emphasizing that prevention is the most powerful tool.

By providing a thorough exploration of stress and its consequences, this book serves as an essential resource for anyone looking to better understand and manage workplace stress effectively.</subfield>
  </datafield>
  <datafield tag="650" ind1=" " ind2="0">
    <subfield code="a">Job stress</subfield>
    <subfield code="9">24545</subfield>
  </datafield>
  <datafield tag="942" ind1=" " ind2=" ">
    <subfield code="2">lcc</subfield>
  </datafield>
  <datafield tag="952" ind1=" " ind2=" ">
    <subfield code="0">0</subfield>
    <subfield code="1">0</subfield>
    <subfield code="2">lcc</subfield>
    <subfield code="4">0</subfield>
    <subfield code="7">0</subfield>
    <subfield code="a">TBS</subfield>
    <subfield code="b">TBS</subfield>
    <subfield code="d">2025-02-17</subfield>
    <subfield code="l">0</subfield>
    <subfield code="o">HF5548.85 VID</subfield>
    <subfield code="p">B05943</subfield>
    <subfield code="r">2025-02-17</subfield>
    <subfield code="t">1</subfield>
    <subfield code="w">2025-02-17</subfield>
    <subfield code="y">1</subfield>
  </datafield>
  <datafield tag="999" ind1=" " ind2=" ">
    <subfield code="c">4504</subfield>
    <subfield code="d">4504</subfield>
  </datafield>
</record>
